00350nam a22001097a 4500008004100000040005500041080001900096245007600115260003000191300001000221650000900231230405b |||||||| |||| 00| 0 eng d aNational Science LibrarycNational Science Library a061.61ICT bP1 aCompendium on analytical, experimental, R&D facilities and capabilities aHyderabad: bIICT, c2001 a79p.  aR&D